Ekonomická a neekonomická účinnosť reklamy z pohľadu etických princípov diplomová práca

Gespeichert in:
Bibliographische Detailangaben
1. Verfasser: Štibrichová, Miroslava
Körperschaft: Podnikovohospodárska fakulta EU so sídlom v Košiciach. Katedra marketingu a obchodu
Weitere Verfasser: Pčolinská, Lenka
Format: Buch
Sprache:Slowakisch
Veröffentlicht: Košice 2013
Tags: Tag hinzufügen
Keine Tags, Fügen Sie das erste Tag hinzu!

MARC

LEADER 00000nbm a2200000 4500
001 0170343
005 20161109102339.2
041 0 |a slo 
044 |a SK 
245 1 0 |a Ekonomická a neekonomická účinnosť reklamy z pohľadu etických princípov  |b diplomová práca  |c Miroslava Štibrichová ; školiteľ: Lenka Pčolinská 
264 1 |a Košice  |c 2013 
300 |a 94 s. 
100 1 |a Štibrichová, Miroslava 
700 1 |a Pčolinská, Lenka 
710 2 |a Podnikovohospodárska fakulta EU so sídlom v Košiciach. Katedra marketingu a obchodu